| 000 | 00914nam a22003137a 4500 | ||
|---|---|---|---|
| 001 | 0032892 | ||
| 003 | KOHA_MİRAKIL | ||
| 005 | 20260207002841.0 | ||
| 007 | ta | ||
| 008 | 111005b1974 tu |||gr||||#||||0|tur | | ||
| 040 |
_aTR-BiSEU _btur _cTR-BiSEU _erda |
||
| 041 | 0 | _atur | |
| 044 | _ctu | ||
| 050 |
_aHB75 _b.S45 1974 |
||
| 100 | 1 | _aSelik, Mehmet. | |
| 245 | 1 |
_a100 soruda iktisadi doktrinler tarihi/ _cMehmet Selik ; Mehmet Selik. |
|
| 264 | 1 |
_aİstanbul : _bGerçek Yayınevi _c1974 |
|
| 300 |
_a352 s. ; _c20 cm. |
||
| 336 |
_ametin _btxt _2rdacontent |
||
| 337 |
_aaracısız _bn _2rdamedia |
||
| 338 |
_acilt _bnc _2rdacarrier |
||
| 490 | 1 | _a Gerçek Yayınevi. | |
| 490 | 1 |
_a 100 Soruda dizisi ; _v35. |
|
| 650 | 0 |
_aEkonomi--Tarih. _98352 |
|
| 650 | 0 |
_aEconomics--History. _98353 |
|
| 830 | 1 |
_a Gerçek Yayınevi. _964232 |
|
| 830 | 1 |
_a 100 Soruda dizisi ; _v35. _964233 |
|
| 942 |
_2lcc _cBK |
||
| 999 |
_c33037 _d33037 |
||